000 01292nam a22003017a 4500
003 OSt
005 20210408152620.0
008 210323b ||||| |||| 00| 0 spa d
020 _a978-9945-920109
040 _aDO-SdBNP
_bspa
_cBNPHU
082 4 _a370.15
_bG216a
100 1 _aGarcía Romero, Dinorah
_978246
245 1 _aActitud al cambio socioeducativo y práctica educativa un análisis multifactorial en población docente /
_cDinorah García R. ; editores Rafael González, Luz Almánzar Rodríguez
260 _aSanto Domingo :
_c2020
300 _a563 p. :
_bil., cuadros, gráficos ;
_c28 cm
490 _aColección Humanidades ; serie Tesis
_v vol. 3
500 _aPresentado originalmente como tesis de doctorado a la Universidad de Valencia.
590 _aInventariado, 2021 / DG
650 4 _aPsicología de la educación
_928942
650 4 _aFormación profesional de maestros
_917397
650 4 _aEducación
_zRepública Dominicana
_xAspectos sociales
_978335
650 4 _aProfesores
_xRepública Dominicana
_978336
700 _aGonzález, Rafael
_eEditor
_924695
700 _aAlmánzar Rodríguez, Luz
_eEditor
_956217
710 1 _aRepública Dominicana.
_b Ministerio de Educación Superior, Ciencia y Tecnología,
_956809
910 _aD/G
942 _2ddc
_cLBS1
999 _c49668
_d49668